LEADER 01742nam a2200325 u 4500 001 000000117166 003 CaOOAMICUS 005 20090930092713.0 008 090930s2008 vc o u000 u eng r 020 $z978-88-86726-23-8* 040 $aPUL$bita$dMCT 041 1 $aeng$afre$aita 245 00$aPursuing the common good :$bhow solidarity and subsidiarity can work together : the proceedings of the 14. plenary session, 2-6 may 2008, Casina Pio IV /$ced. by Margaret S. Archer Pierpaolo Donati. 260 $aVatican City :$bPontifical Academy of Social Sciences,$c2008. 300 $a706 p. :$bfotogr. ;$c24 cm. 490 1 $aPontifical Academy of Social Sciences$aActa ;$v14 504 $aBibliografia e indici. 546 $aTesto in inglese, francese e italiano. 650 4$aDottrina sociale della Chiesa.$0(OLS)http://pul/subject/33229 650 4$aSolidarietą sociale.$0(OLS)http://pul/subject/33273 700 1 $aArcher, Margaret S.$0(OLS)http://pul/name/73010 700 1 $aDonati, Pierpaolo,$d1946-$0(OLS)http://pul/name/5444 830 0$aPontifical Academy of Social Sciences$pActa ;$v14.$0(OLS)http://pul/title/147421 850 $aPUL 852 $aPUL$W1$xSL Religione 3$y85$m261. 8 PASS 1.14$j134393$qDDC 21$B133372$CPULBib$Z2$F133372 $H109231 $82 941 1 $a9 960 $aDottrina sociale cristiana$933229 996 $6020$z978-88-86726-23-8*$9(OLS)http://pul/number/141914 996 $6245$aPursuing the common good :$bhow solidarity and subsidiarity can work together : the proceedings of the 14. plenary session, 2-6 may 2008, Casina Pio IV$9(OLS)http://pul/title/147420 996 $6260$aVatican City :$bPontifical Academy of Social Sciences$9(OLS)http://pul/publisher/80100 LEADER 01085nam a2200229 a 4500 001 000000141055 003 CaOOAMICUS 005 20141219115332.0 008 141219s1957 it u000 u ita r 040 $aPUL$bita 100 1 $aManselli, Raoul,$d1917-1984.$0(OLS)http://pul/name/150 245 10$aAlberico, cardinale vescovo d'Ostia e la sua attivitą di legato pontificio /$cRaoul Manselli. 260 $aRoma :$ba cura della Societą romana di Storia patria,$c1957. 300 $a24-68 p. ;$c24 cm 500 $aEstr. dall'Archivio della Societą romana di Storia patria, A. LXXVIII (1955), Terza Serie: vol. IX, Fasc. I-IV. 850 $aPUL 852 $aPUL$W1$xDP1 Fondo Capitani$y116$m3 B 8 int.15$j162814$qFondi$B162492$CPULBib$Z2$F162492 $HCap1853 $82 941 1 $a1 961 $aDedica autografa dell'A. 996 $6245$aAlberico, cardinale vescovo d'Ostia e la sua attivitą di legato pontificio$9(OLS)http://pul/title/178513 996 $6260$aRoma :$ba cura della Societą romana di Storia patria$9(OLS)http://pul/publisher/83054